<?xml version="1.0" encoding="UTF-8"?>
<record
    xmlns:xsi="http://www.w3.org/2001/XMLSchema-instance"
    xsi:schemaLocation="http://www.loc.gov/MARC21/slim http://www.loc.gov/standards/marcxml/schema/MARC21slim.xsd"
    xmlns="http://www.loc.gov/MARC21/slim">

  <leader>00886cam a2200325 a 4500</leader>
  <controlfield tag="001">995817</controlfield>
  <controlfield tag="003">OSt</controlfield>
  <controlfield tag="005">20140310183628.0</controlfield>
  <controlfield tag="008">870515s1984    ph a          000 0 eng  </controlfield>
  <datafield tag="010" ind1=" " ind2=" ">
    <subfield code="a">   86161965 </subfield>
  </datafield>
  <datafield tag="020" ind1=" " ind2=" ">
    <subfield code="a">9712328961</subfield>
  </datafield>
  <datafield tag="040" ind1=" " ind2=" ">
    <subfield code="a">DLC</subfield>
    <subfield code="c">DLC</subfield>
    <subfield code="d">DLC</subfield>
  </datafield>
  <datafield tag="043" ind1=" " ind2=" ">
    <subfield code="a">a-ph---</subfield>
  </datafield>
  <datafield tag="050" ind1="0" ind2="0">
    <subfield code="a">KPM 880</subfield>
    <subfield code="b">.D4 2000</subfield>
  </datafield>
  <datafield tag="100" ind1="1" ind2=" ">
    <subfield code="a">De Leon, Hector S.</subfield>
  </datafield>
  <datafield tag="245" ind1="1" ind2="4">
    <subfield code="a">The law on negotiable instruments (with documents of title) /</subfield>
    <subfield code="c">by Hector S. De Leon.</subfield>
  </datafield>
  <datafield tag="260" ind1=" " ind2=" ">
    <subfield code="a">Manila, Philippines :</subfield>
    <subfield code="b">Rex Book Store,</subfield>
    <subfield code="c">2000.</subfield>
  </datafield>
  <datafield tag="300" ind1=" " ind2=" ">
    <subfield code="a">xxiii, 361 p. :</subfield>
    <subfield code="b">ill. ;</subfield>
    <subfield code="c">22 cm.</subfield>
  </datafield>
  <datafield tag="521" ind1=" " ind2=" ">
    <subfield code="a">BSBA</subfield>
  </datafield>
  <datafield tag="650" ind1=" " ind2="0">
    <subfield code="a">Negotiable instruments</subfield>
    <subfield code="z">Philippines.</subfield>
  </datafield>
  <datafield tag="906" ind1=" " ind2=" ">
    <subfield code="a">7</subfield>
    <subfield code="b">cbc</subfield>
    <subfield code="c">orignew</subfield>
    <subfield code="d">4</subfield>
    <subfield code="e">ncip</subfield>
    <subfield code="f">19</subfield>
    <subfield code="g">y-gencatlg</subfield>
  </datafield>
  <datafield tag="942" ind1=" " ind2=" ">
    <subfield code="2">lcc</subfield>
    <subfield code="c">BK</subfield>
    <subfield code="k">LOC</subfield>
  </datafield>
  <datafield tag="999" ind1=" " ind2=" ">
    <subfield code="c">25556</subfield>
    <subfield code="d">25556</subfield>
  </datafield>
  <datafield tag="952" ind1=" " ind2=" ">
    <subfield code="0">0</subfield>
    <subfield code="1">0</subfield>
    <subfield code="2">lcc</subfield>
    <subfield code="4">0</subfield>
    <subfield code="a">A</subfield>
    <subfield code="b">A</subfield>
    <subfield code="c">NULL</subfield>
    <subfield code="d">2013-12-06</subfield>
    <subfield code="e">DONATION</subfield>
    <subfield code="l">10</subfield>
    <subfield code="m">28</subfield>
    <subfield code="o">KPM 880 .D4 2001</subfield>
    <subfield code="p">C0013</subfield>
    <subfield code="r">2018-05-08 00:00:00</subfield>
    <subfield code="s">2015-11-23</subfield>
    <subfield code="t">1</subfield>
    <subfield code="w">2013-12-06</subfield>
    <subfield code="y">BK</subfield>
  </datafield>
  <datafield tag="952" ind1=" " ind2=" ">
    <subfield code="0">0</subfield>
    <subfield code="1">0</subfield>
    <subfield code="2">lcc</subfield>
    <subfield code="4">0</subfield>
    <subfield code="a">CL</subfield>
    <subfield code="b">CL</subfield>
    <subfield code="c">FIL</subfield>
    <subfield code="d">2013-12-06</subfield>
    <subfield code="e">Library Fund</subfield>
    <subfield code="l">4</subfield>
    <subfield code="m">15</subfield>
    <subfield code="o">KPM 880 .D4 2003</subfield>
    <subfield code="p">C4774</subfield>
    <subfield code="r">2018-07-02 00:00:00</subfield>
    <subfield code="s">2018-06-13</subfield>
    <subfield code="t">2</subfield>
    <subfield code="w">2013-12-06</subfield>
    <subfield code="y">BK</subfield>
  </datafield>
  <datafield tag="952" ind1=" " ind2=" ">
    <subfield code="0">0</subfield>
    <subfield code="1">0</subfield>
    <subfield code="2">lcc</subfield>
    <subfield code="4">0</subfield>
    <subfield code="a">CL</subfield>
    <subfield code="b">CL</subfield>
    <subfield code="c">FIL</subfield>
    <subfield code="d">2013-12-06</subfield>
    <subfield code="e">Library Fund</subfield>
    <subfield code="l">3</subfield>
    <subfield code="m">26</subfield>
    <subfield code="o">KPM 880 .D4 2003</subfield>
    <subfield code="p">C4775</subfield>
    <subfield code="r">2018-05-08 00:00:00</subfield>
    <subfield code="s">2015-11-16</subfield>
    <subfield code="t">3</subfield>
    <subfield code="w">2013-12-06</subfield>
    <subfield code="y">BK</subfield>
  </datafield>
  <datafield tag="952" ind1=" " ind2=" ">
    <subfield code="0">0</subfield>
    <subfield code="1">0</subfield>
    <subfield code="2">lcc</subfield>
    <subfield code="4">0</subfield>
    <subfield code="a">CL</subfield>
    <subfield code="b">CL</subfield>
    <subfield code="c">FIL</subfield>
    <subfield code="d">2013-12-06</subfield>
    <subfield code="e">Library Fund</subfield>
    <subfield code="l">6</subfield>
    <subfield code="m">37</subfield>
    <subfield code="o">KPM 880 .D4 2003</subfield>
    <subfield code="p">C4776</subfield>
    <subfield code="r">2019-08-14 00:00:00</subfield>
    <subfield code="s">2019-08-06</subfield>
    <subfield code="t">5</subfield>
    <subfield code="w">2013-12-06</subfield>
    <subfield code="y">BK</subfield>
  </datafield>
  <datafield tag="952" ind1=" " ind2=" ">
    <subfield code="0">0</subfield>
    <subfield code="1">0</subfield>
    <subfield code="2">lcc</subfield>
    <subfield code="4">0</subfield>
    <subfield code="a">CL</subfield>
    <subfield code="b">CL</subfield>
    <subfield code="c">FIL</subfield>
    <subfield code="d">2013-12-06</subfield>
    <subfield code="e">Library Fund</subfield>
    <subfield code="l">2</subfield>
    <subfield code="m">20</subfield>
    <subfield code="o">KPM 880 .D4 2003</subfield>
    <subfield code="p">C5472</subfield>
    <subfield code="r">2019-11-27 00:00:00</subfield>
    <subfield code="s">2019-08-06</subfield>
    <subfield code="t">6</subfield>
    <subfield code="w">2013-12-06</subfield>
    <subfield code="y">BK</subfield>
  </datafield>
</record>
